| 000 | 00441nam a2200133Ia 4500 | ||
|---|---|---|---|
| 008 | 170419s9999 xx 000 0 und d | ||
| 100 | _aYedidia, Michael J. | ||
| 245 | _aEvidence for improving preparation, recruitment, and retention of nurse faculty: findings from EIN-funded studies | ||
| 245 | _cMichael J. Yedidia | ||
| 260 | _bElsevier | ||
| 260 | _c2016 | ||
| 300 | _aMay/June 2016 | ||
| 440 |
_aJournal of Profesional Nursing _v32:3 |
||
| 999 |
_c329516 _d329516 |
||